LEADER 00794cam0 22002533 450 001 SON0000764 005 20200416081233.0 010 $a0520070402 100 $a20040211d1991 |||||ita|0103 ba 101 $aeng 102 $aUS 200 1 $aComedy/Cinema/Theory$fEdited by Andrew Norton 210 $aBerkley$aLos Angeles$aLondon$cUniversity of California Press$d1991 215 $aVIII,252 p.$d23 cm 702 1$aNORTON, Andrew$3AF00015237$4070 801 0$aIT$bUNISOB$c20200416$gRICA 850 $aUNISOB 852 $aUNISOB$j791.43$m87626 912 $aSON0000764 940 $aM 102 Monografia moderna SBN 941 $aM 957 $a791.43$b000113$gSI$d87626$racquisto$1carrano$2UNISOB$3UNISOB$420110711121916.0$520200416081137.0$6Spinosa 996 $aComedy$979396 997 $aUNISOB